| 000 | 02338nam a2200325 i 4500 | ||
|---|---|---|---|
| 003 | DO-SdBNP | ||
| 005 | 20250605104253.0 | ||
| 007 | ta | ||
| 008 | 250605b2023 dr ac||| |||| 00| 0 spa d | ||
| 020 | _a9789945250787 | ||
| 040 |
_aDO-SdBNP _bspa _cBNPHU _erda |
||
| 041 | _aspa | ||
| 082 | 4 |
_axxx _bC343h 2023 _222 |
|
| 100 | 1 |
_aCassá, Roberto, _d1948- _eautor _4aut. _910888 |
|
| 245 | 1 | 0 |
_aHistoria social y económica de la República Dominicana / _cRoberto Cassá ; edición, Aimara Vera ; diagramación, Eric Simó, Juan Francisco Domínguez Novas ; cubierta, Eric Simó ; presentación, Natalia González Tejera. |
| 250 | _aEdición corregida y ampliada | ||
| 264 | 4 |
_aSanto Domingo, República Dominicana : _bUniversidad Autónoma de Santo Domingo (UASD). Facultad de Humanidades ; Archivo General de la Nación (AGN), _c©2023. |
|
| 300 |
_avolumen : _bilustraciones, fotografías, retratos ; _c28 cm. |
||
| 336 |
_atexto _btxt _2rdacontent |
||
| 337 |
_asin mediación _bn _2rdamedia |
||
| 338 |
_avolumen _bnc _2rdacarrier |
||
| 505 | _aPresentación, 13.-- Palabras preliminares, 15.-- Capítulo I. Economía y Relaciones Sociales Hasta 1880, 17.-- Capitulo II. Conformación del Estado Nacional, 55.-- Capitulo III. Anexión y Restauración, 87.-- Capitulo IV. Caudillismo, Anexionismo y Nacionalismo, 115.-- Capitulo V. Economía Exportadora y Surgimiento del Capitalismo,147.-- Capitulo VI. Liberalismo y Dictadura, 183.-- Capitulo VII. Resurgimiento del Caudillismo y Dominio Financiero, 217.-- Capitulo VIII. Ocupación Militar Estadounidense, 253.-- Capitulo IX. Implantación y Primera Parte de la Dictadura de Trujillo, 297.-- Capitulo X. Madurez y Crisis de la Dictadura, 333.-- Capitulo XI. Luchas Sociales y Políticas Desde 1961 y Revolución de Abril, 379.-- Capitulo XII. Los Doce Años, 427.-- Capitulo XIII. Procesos Económicos de las Últimas Décadas del Siglo XX, 461.-- Capitulo XIV. Transición Democrática y Parámetros Sociales Finiseculares, 501.-- Bibliografía, 541. | ||
| 590 | _aInventariado, 2025 /LP | ||
| 700 | 1 |
_aVera, Aimara _eeditor _4aut. _977925 |
|
| 700 | 1 |
_aSimó, Eric _ediagramación _4di _9313 |
|
| 700 | 1 |
_aDomínguez Novas, Juan Francisco _ediagramación _4di _973382 |
|
| 700 | 1 |
_aGonzález Tejera, Natalia, _epresentador _4pr. _955788 |
|
| 910 | _aLP | ||
| 942 |
_2ddc _cLBS1 |
||
| 999 |
_c58838 _d58838 |
||